Железорудные месторождения Алтае-Саянской горной области и некоторые вопросы теории рудообразования: Доклад по серии опубликованных работ, представляемых в качестве диссертации на соискание ученой степени доктора геолого-минералогических наук

Bibliografiske detaljer
Hovedforfatter: Поспелов Г. Л.
Institution som forfatter: Академия наук СССР (АН СССР) Сибирское отделение (СО) Институт геологии и геофизики (ИГиГ)
Summary:На правах рукописи
Защита состоялась 15 декабря 1963 г.
Sprog:russisk
Udgivet: Новосибирск, [Б. и.], 1963
Fag:
Format: MixedMaterials Bog
KOHA link:https://koha.lib.tpu.ru/cgi-bin/koha/opac-detail.pl?biblionumber=211799

MARC

LEADER 00000nam0a2200000 4500
001 211799
005 20231101225716.0
035 |a (RuTPU)RU\TPU\book\231389 
090 |a 211799 
100 |a 20120320d1963 m y0rusy50 ca 
101 0 |a rus 
102 |a RU 
105 |a y z 001zy 
200 1 |a Железорудные месторождения Алтае-Саянской горной области и некоторые вопросы теории рудообразования  |e Доклад по серии опубликованных работ, представляемых в качестве диссертации на соискание ученой степени доктора геолого-минералогических наук  |f Г. Л. Поспелов  |g Академия наук СССР (АН СССР), Сибирское отделение (СО), Институт геологии и геофизики (ИГиГ) 
210 |a Новосибирск  |c [Б. и.]  |d 1963 
215 |a 71 с.  |c ил. 
300 |a На правах рукописи 
300 |a Защита состоялась 15 декабря 1963 г. 
320 |a Библиогр.: с. 70-71. 
606 1 |a Железорудные месторождения  |x Геология  |2 stltpush  |3 (RuTPU)RU\TPU\subj\10758  |9 37787 
610 1 |a Алтае-Саянская область 
610 1 |a магматогенные месторождения 
610 1 |a вулканогенные месторождения 
610 1 |a контактовые месторождения 
610 1 |a интрузивы 
675 |a 553.31  |v 3 
700 1 |a Поспелов  |b Г. Л. 
712 0 2 |a Академия наук СССР (АН СССР)  |b Сибирское отделение (СО)  |b Институт геологии и геофизики (ИГиГ)  |c (Новосибирск)  |2 stltpush  |3 (RuTPU)RU\TPU\col\128 
801 1 |a RU  |b 63413507  |c 20120320 
801 2 |a RU  |b 63413507  |c 20121130  |g RCR 
942 |c BK